01134cam a22002657a 45000010005000000030006000050050017000110080041000280100017000690200024000860200018001100400023001280500013001510820013001641000021001772450084001982500036002822600029003183000042003475050007003895200397003965210018007935210018008117000039008296096FISKH20250311153342.0110623r20091972enka j 000 1 eng  a 2011411703 a9781405230407 (hc.) a9781405271912 aDLCcDLCdDLCbeng aPE1119 R a823.914 1 aTomlinson, Jill.14aThe penguin who wanted to find out /cJill Tomlinson ; Pictures by Paul Howard. aPublished in this edition 2014  aLondon :bEgmont,c1975. a79 pages : billustrations ; c20 cm  aO  aOtto is a penguin chick, that much he knows, but other than this he has a lot to learn. Life at the bottom of the world is a curious thing and life can change at a moment's notice. The next blizzard, the next meal and the threat of being orphaned are all challenges that must be faced. But how will Otto and his friends manage? The only way that penguins can do - by looking after each other.8 a610 bLexile 8 aO bRaz-Plus 1 aHoward, Paul,d1967-eillustrator